| 000 | 00000nas##2200000za#4500 |
| 001 | 9.508566 |
| 003 | CaOODSP |
| 005 | 20210615082448 |
| 007 | ta |
| 008 | 150406c1990||||xxc|| p #||||f| |0eng|d |
| 022 | |a0709-292X |
| 040 | |aCaOODSP|beng |
| 041 | |aeng |
| 041 | |afre |
| 043 | |an-cn--- |
| 086 | 1 |aM35-1 |
| 110 | 1 |aCanada.|bNatural Resources Canada. |bMinerals and Metals Sector. |
| 245 | 10|aProduction of Canada's leading minerals |
| 260 | |aOttawa - Ontario : |bNatural Resources Canada. |
| 310 | |aMonthly |
| 500 | |aBeginning with May 2004 issue, only available in electronic format. |
| 520 | 3 |aThis series of monthly fact sheets provides detailed tabular data on production and shipments of Canadian minerals and metals. Minerals included are clay products, gypsum, molybdenum, potash, lime, uranium, asbestos, copper, salt, nickel, gold, silver, zinc, iron ore, coal, natural gas, and crude oil. |
| 563 | |aLoose-leaf |
| 690 | 07|aMinerals|2gcpds |
| 690 | 07|aMining industry|2gcpds |
| 690 | 07|aProduction|2gcpds |
| 776 | 0#|tProduction of Canada's leading minerals = |w(CaOODSP)9.500182 |
| 792 | |tProduction des principaux minéraux du Canada |efre|w(CaOODSP)9.508567 |